| 000 | 00636cam0a220021700 4500 | ||
|---|---|---|---|
| 001 | qcf00195352 | ||
| 005 | 20190819084217.0 | ||
| 008 | 781214c19671949fr 000 0 fre | ||
| 010 | _a 68083597 | ||
| 035 | _a(Sirsi) r84369 | ||
| 035 | _a(QCAT)lss02166752 | ||
| 035 | _a(UPRA)qcf00195352 | ||
| 040 | _dUPRA | ||
| 050 |
_aPQ2601.Y5 _bC6 1967 |
||
| 100 | 1 |
_aAyme, Marcel, 1902-1967. _dAyme, Marcel, 1902-1967. _6A44263.1 |
|
| 245 | 1 | 3 | _aLe Confort intellectuel. |
| 260 |
_aParis : _bFlammarion, _c[1967, c1949]. |
||
| 500 | _aFirst published in 1949. | ||
| 949 |
_aPQ2601.Y5 _wlcc _i-117328 _mMAIN _tBOOK _lON-SHELF |
||
| 004 | 84369 | ||
| 999 |
_c94699 _d94699 |
||